Tel Aviv City Trivia - Statistics

General Stats
  • This quiz has been taken 26 times
  • The average score is 8 of 15
Answer Stats
Question Answer % Correct
What ethnoreligious group accounts for roughly 92% of Tel Aviv's population? Jewish
100%
What sea does Tel Aviv has a coast on? Mediterranean Sea
88%
What airport is also called Natbag? {Ben} {Gurion} Airport
79%
What Israeli prime minister was assassinated in Tel Aviv in 1995 by Yigal Amir? Yitzhak Rabin
63%
What ancient port city is now a neighborhood in the south of Tel Aviv? Jaffa
58%
What tech region spans Israel's coastal plain, and is named after another tech region? {Silicon} Wadi
58%
Tel Aviv is the core city of the Gush Dan. Name one of the five other most populous cities in the area. Rishon LeZion | Petah Tikva | Bnei Brak | Holon | Ramat Gan
50%
What is the largest university in Israel, with over 30,000 students? Tel Aviv University
46%
What is the architectural style of the over 4,000 "White City" buildings in Tel Aviv? Bauhaus
38%
What type of restaurant does Tel Aviv have the third-highest number per capita of in the world, only behind Tokyo and New York City? Sushi
38%
What is the largest park in Tel Aviv—named for a river starting with the letter Y? {Yarkon} Park
38%
What type of art is the Florentin neighborhood known for? Graffiti
29%
What nickname of Tel Aviv refers to its insulated liberal culture? The {Bubble}
25%
What Zionist leader was the first mayor of Tel Aviv? {Meir} Dizengoff
21%
What are TAMOA, Eretz Israel, and ANU? Museums
21%
No matching quizzes found
Score Distribution
Percent of People with Each Score
Percentile by Number Answered
Your Score History
You have not taken this quiz